000 00757cab a2200229 4500
001 W3000
008 090401t1992 xxu||||| |||| 00| 0 eng d
035 _a(Sirsi) u60748
041 _aeng
245 _aRICS schools initiative
260 _c1992
350 _a0
490 _aCSM (Chartered Surveyor Monthly)
_v2(2) October 1992, 4(1)
520 _aRICS is launching a schools information pack for teachers "Investigating the property profession". Copies available from Simon Bull, Education Department.
650 _aABOUT RICS-RICS MEMBERS
650 _aNATIONAL CURRICULUM
650 _aPROMOTION
650 _aRICS SCHOOLS INITIATIVE
690 _aMANAGEMENT-BUSINESS MANAGEMENT-PROFESSIONAL PRACTICE
942 _n0
948 _c04/03/1997
999 _c37537
_d37537